书目信息 |
| 题名: |
网上大评判:万民点击春节晚会
|
|
| 作者: | 朱海 编 | |
| 分册: | ||
| 出版信息: | 上海 上海文艺出版社 2000.05 |
|
| 页数: | 263页 | |
| 开本: | 32开 | |
| 丛书名: | ||
| 单 册: | ||
| 中图分类: | G223 | |
| 科图分类: | ||
| 主题词: | 广播事业 , 电视事业 | |
| 电子资源: | ||
| ISBN: | 7-5321-2067-8 | |
| 000 | 00604nam0 2200205 45 | |
| 001 | 0011110916 | |
| 005 | 20001211161433.8 | |
| 010 | @a7-5321-2067-8@d19.00元 | |
| 100 | @a20001111d2000 km y0chiy0120 ea | |
| 101 | 0 | @achi |
| 105 | @a z 000yy | |
| 200 | 1 | @a网上大评判:万民点击春节晚会@AWang Shang Da Ping Pan:Wan Min Dian Ji Chun Jie Wan Hui@f朱海等编@FZhu HaiDeng Bian |
| 210 | @a上海@c上海文艺出版社@d2000.05 | |
| 215 | @a263页@d32开 | |
| 606 | 0 | @a广播事业 |
| 606 | 0 | @a电视事业 |
| 690 | @aG223@v3 | |
| 701 | 0 | @a朱海@4编 |
| 801 | @aCN@bPftUser@c20001111 | |
| 905 | @dG223@eZH.086@b306008-011@f4 | |
| 网上大评判:万民点击春节晚会/朱海等编.-上海:上海文艺出版社,2000.05 |
| 263页;32开 |
| ISBN 7-5321-2067-8:19.00元 |
| ● |
| 相关链接 |
|
|
|
正题名:网上大评判:万民点击春节晚会
索取号:G223/ZH.086
 
预约/预借
| 序号 | 登录号 | 条形码 | 馆藏地/架位号 | 状态 | 备注 |
| 1 | 306008 | 203060089 | 社科库409/422社科库 51排6列4层/ [索取号:G223/ZH.086] | 在馆 | |
| 2 | 306009 | 203060098 | 社科库409/409社科库 58排3列2层/ [索取号:G223/ZH.086] | 在馆 | |
| 3 | 306010 | 203060105 | 社科库409/422社科库 51排6列4层/ [索取号:G223/ZH.086] | 在馆 | |
| 4 | 306011 | 203060114 | 社科库409/409社科库 58排3列2层/ [索取号:G223/ZH.086] | 在馆 |